<?xml version="1.0" encoding="UTF-8"?>
<record
    xmlns:xsi="http://www.w3.org/2001/XMLSchema-instance"
    xsi:schemaLocation="http://www.loc.gov/MARC21/slim http://www.loc.gov/standards/marcxml/schema/MARC21slim.xsd"
    xmlns="http://www.loc.gov/MARC21/slim">

  <leader>00883pam a2200277 a 4500</leader>
  <controlfield tag="001">4886716</controlfield>
  <controlfield tag="003">OSt</controlfield>
  <controlfield tag="005">20211013150253.0</controlfield>
  <controlfield tag="008">930715s1994    maua          001 0 eng  </controlfield>
  <datafield tag="010" ind1=" " ind2=" ">
    <subfield code="a">   93005842 </subfield>
  </datafield>
  <datafield tag="020" ind1=" " ind2=" ">
    <subfield code="a">0534937624 (acidfree)</subfield>
  </datafield>
  <datafield tag="040" ind1=" " ind2=" ">
    <subfield code="a">DDC</subfield>
    <subfield code="c">HU</subfield>
    <subfield code="d">DLC</subfield>
  </datafield>
  <datafield tag="050" ind1="0" ind2="0">
    <subfield code="a">QA152.2</subfield>
    <subfield code="b">.W438 1994</subfield>
  </datafield>
  <datafield tag="082" ind1="0" ind2="0">
    <subfield code="a">512.9/WEL</subfield>
    <subfield code="2">20</subfield>
  </datafield>
  <datafield tag="100" ind1="1" ind2=" ">
    <subfield code="a">Weltman, Dennis.</subfield>
    <subfield code="9">13349</subfield>
  </datafield>
  <datafield tag="245" ind1="1" ind2="0">
    <subfield code="a">Beginning algebra /</subfield>
    <subfield code="c">Dennis Weltman, Gilbert Perez.</subfield>
  </datafield>
  <datafield tag="250" ind1=" " ind2=" ">
    <subfield code="a">2nd ed.</subfield>
  </datafield>
  <datafield tag="260" ind1=" " ind2=" ">
    <subfield code="a">Boston, MA :</subfield>
    <subfield code="b">PWS,</subfield>
    <subfield code="c">c1994.</subfield>
  </datafield>
  <datafield tag="300" ind1=" " ind2=" ">
    <subfield code="a">xxi, 633 p. :</subfield>
    <subfield code="b">ill. ;</subfield>
    <subfield code="c">27 cm.</subfield>
  </datafield>
  <datafield tag="500" ind1=" " ind2=" ">
    <subfield code="a">Includes index.</subfield>
  </datafield>
  <datafield tag="650" ind1=" " ind2="0">
    <subfield code="a">Algebra.</subfield>
  </datafield>
  <datafield tag="700" ind1="1" ind2=" ">
    <subfield code="a">Perez, Gilbert.</subfield>
    <subfield code="9">13350</subfield>
  </datafield>
  <datafield tag="906" ind1=" " ind2=" ">
    <subfield code="a">7</subfield>
    <subfield code="b">cbc</subfield>
    <subfield code="c">orignew</subfield>
    <subfield code="d">1</subfield>
    <subfield code="e">ocip</subfield>
    <subfield code="f">19</subfield>
    <subfield code="g">y-gencatlg</subfield>
  </datafield>
  <datafield tag="942" ind1=" " ind2=" ">
    <subfield code="2">ddc</subfield>
    <subfield code="c">BOOKS</subfield>
    <subfield code="n">0</subfield>
  </datafield>
  <datafield tag="999" ind1=" " ind2=" ">
    <subfield code="c">12468</subfield>
    <subfield code="d">12468</subfield>
  </datafield>
  <datafield tag="952" ind1=" " ind2=" ">
    <subfield code="0">0</subfield>
    <subfield code="1">0</subfield>
    <subfield code="2">ddc</subfield>
    <subfield code="4">0</subfield>
    <subfield code="7">0</subfield>
    <subfield code="a">001</subfield>
    <subfield code="b">001</subfield>
    <subfield code="d">2021-10-13</subfield>
    <subfield code="l">0</subfield>
    <subfield code="o">512.9/WEL</subfield>
    <subfield code="p">NSCLIB000010774</subfield>
    <subfield code="r">2021-10-13 00:00:00</subfield>
    <subfield code="t">3</subfield>
    <subfield code="w">2021-10-13</subfield>
    <subfield code="y">BOOKS</subfield>
  </datafield>
  <datafield tag="952" ind1=" " ind2=" ">
    <subfield code="0">0</subfield>
    <subfield code="1">0</subfield>
    <subfield code="2">ddc</subfield>
    <subfield code="4">0</subfield>
    <subfield code="7">0</subfield>
    <subfield code="a">001</subfield>
    <subfield code="b">001</subfield>
    <subfield code="d">2021-10-13</subfield>
    <subfield code="l">0</subfield>
    <subfield code="o">512.9/WEL</subfield>
    <subfield code="p">NSCLIB000010770</subfield>
    <subfield code="r">2021-10-13 00:00:00</subfield>
    <subfield code="t">4</subfield>
    <subfield code="w">2021-10-13</subfield>
    <subfield code="y">BOOKS</subfield>
  </datafield>
  <datafield tag="952" ind1=" " ind2=" ">
    <subfield code="0">0</subfield>
    <subfield code="1">0</subfield>
    <subfield code="2">ddc</subfield>
    <subfield code="4">0</subfield>
    <subfield code="7">0</subfield>
    <subfield code="a">001</subfield>
    <subfield code="b">001</subfield>
    <subfield code="d">2021-10-13</subfield>
    <subfield code="l">0</subfield>
    <subfield code="o">512.9/WEL</subfield>
    <subfield code="p">NSCLIB000010772</subfield>
    <subfield code="r">2021-10-13 00:00:00</subfield>
    <subfield code="t">5</subfield>
    <subfield code="w">2021-10-13</subfield>
    <subfield code="y">BOOKS</subfield>
  </datafield>
  <datafield tag="952" ind1=" " ind2=" ">
    <subfield code="0">0</subfield>
    <subfield code="1">0</subfield>
    <subfield code="2">ddc</subfield>
    <subfield code="4">0</subfield>
    <subfield code="7">0</subfield>
    <subfield code="a">001</subfield>
    <subfield code="b">001</subfield>
    <subfield code="c">GEN</subfield>
    <subfield code="d">2021-10-13</subfield>
    <subfield code="l">0</subfield>
    <subfield code="o">512.9/WEL</subfield>
    <subfield code="p">NSCLIB000010771</subfield>
    <subfield code="r">2021-10-13 00:00:00</subfield>
    <subfield code="t">6</subfield>
    <subfield code="w">2021-10-13</subfield>
    <subfield code="y">BOOKS</subfield>
  </datafield>
  <datafield tag="952" ind1=" " ind2=" ">
    <subfield code="0">0</subfield>
    <subfield code="1">0</subfield>
    <subfield code="2">ddc</subfield>
    <subfield code="4">0</subfield>
    <subfield code="7">0</subfield>
    <subfield code="a">001</subfield>
    <subfield code="b">001</subfield>
    <subfield code="d">2021-10-13</subfield>
    <subfield code="l">0</subfield>
    <subfield code="o">512.9/WEL</subfield>
    <subfield code="p">NSCLIB000010773</subfield>
    <subfield code="r">2021-10-13 00:00:00</subfield>
    <subfield code="t">7</subfield>
    <subfield code="w">2021-10-13</subfield>
    <subfield code="y">BOOKS</subfield>
  </datafield>
  <datafield tag="952" ind1=" " ind2=" ">
    <subfield code="0">0</subfield>
    <subfield code="1">0</subfield>
    <subfield code="2">ddc</subfield>
    <subfield code="4">0</subfield>
    <subfield code="7">0</subfield>
    <subfield code="a">001</subfield>
    <subfield code="b">001</subfield>
    <subfield code="d">2021-10-13</subfield>
    <subfield code="l">0</subfield>
    <subfield code="o">512.9/WEL</subfield>
    <subfield code="p">NSCLIB000010789</subfield>
    <subfield code="r">2021-10-13 00:00:00</subfield>
    <subfield code="t">2</subfield>
    <subfield code="w">2021-10-13</subfield>
    <subfield code="y">BOOKS</subfield>
  </datafield>
</record>
